Muslim-Majority Countries - Statistics

General Stats
  • This quiz has been taken 42 times
  • The average score is 45 of 49
Answers on the Map
Answers color-coded by a green-red scale on the quiz's map according to % correct below.
 
Answer Stats
Percentage Answer % Correct
%99 Algeria
100%
%99,4 Iran
100%
%97 Iraq
100%
%97,2 Jordan
100%
%94,2 Libya
100%
%99 Morocco
100%
%85,9 Oman
100%
%96,3 Pakistan
100%
%65,5 Qatar
100%
%91 Saudi Arabia
100%
%70,5 Syria
100%
%97,4 Tajikistan
100%
%99 Tunisia
100%
%99,2 Turkey
100%
%74,5 United Arab Emirates
100%
%96,3 Uzbekistan
100%
%99 Yemen
100%
%99,7 Afghanistan
97%
%90 Egypt
97%
%70,2 Kazakhstan
97%
%74,6 Kuwait
97%
%95 Mali
97%
%98 Mauritania
97%
%98 Niger
97%
%53,5 Nigeria
97%
%90,7 Sudan
97%
%93,7 Turkmenistan
97%
%96 Azerbaijan
94%
%94 Djibouti
94%
%90 Kyrgyzstan
94%
%67,8 Lebanon
94%
%97 Senegal
94%
%88,4 Bahrain
92%
%55,1 Chad
92%
%99 Somalia
92%
%50,7 Albania
89%
%87,1 Indonesia
89%
%91 Bangladesh
86%
%63,8 Burkina Faso
86%
%63,5 Malaysia
86%
%98 Comoros
83%
%96,4 Gambia
83%
%89 Guinea
83%
%98,7 Maldives
83%
%51,3 Bosnia and Herzegovina
81%
%95,6 Kosovo
81%
%82,1 Brunei
75%
%77 Sierra Leone
72%
%86 Palestine
42%
No matching quizzes found
Score Distribution
Percent of People with Each Score
Percentile by Number Answered
Your Score History
You have not taken this quiz